000
00327nam a22001457a 4500
003
SGT
020
_a
9780415672573
082
_a
770
_b
KRE
100
_a
KRESS GUNTHER
245
_a
READING IMAGES THE GRAMMAR OF VISUAL DESIGN
260
_a
LONDAN
_c
2021
_b
ROUTLEDGE PUB.
300
_a
287
650
_a
BJMC
942
_2
ddc
_c
BK
999
_c
32146
_d
32146